000 00878nam a2200157 a 4500
008 131003s2010 ||||||||||||||||| || u
050 _aUNECA(05)
110 _aUnited Nations Economic Commission For Africa(UNECA)
245 1 0 _aIntergovernental committee of experts (ICE) for Southern Africa: report of the 16th meeting
_cby United Nations Economic Commission for Africa [UNECA]
246 _aProceedings of the sixteenth Intergovernmental Committee of Experts (ICE) of Southern Africa
260 _aLilongwe, Malawi:
_bUNITED NATIONS ECONOMIC COMMISSION FOR AFRICA(UNECA)
_c2010
300 _ai,17p.: ill.
362 1 _a<p>24 - 25 March 2010</p>
650 _aUNITED NATIONS ECONOMIC REPORT FOR AFRICA--SUMMARY OF PROCEEDINGS
995 _FCBU-MAIN LIBRARY (Kitwe)
_M1
_UAVAILABLE
_WOct 3, 2013
_ZInternational Publications
999 _c47212
_d47212